000 00612nam a22001697a 4500
003 OSt
005 20171010095449.0
008 120625t xxu||||| |||| 00| 0 eng d
040 _aMMSU
_cULS
100 _aBaligat, Jay-Ar A., Santiago, Mark Lourenz Q.
_910682
245 _aOn the Job Training (OJT) in Horticulture
_cJay-Ar A. Baligat, Mark Lourenz Q. Santiago
260 _c2008
300 _axii, [62] leaves
_c28 cm.
500 _aThesis (BS Agriculture-Horticulture) -- Mariano Marcos State University-College of Agriculture & Forestry, Batac City
504 _aBibliography: None
942 _2ddc
_cTHEDIS
999 _c9594
_d9594